[Event "Western States op"]
[Site "Reno"]
[Date "2006.10.07"]
[Round "3"]
[White "Mathis, Tony"]
[Black "Batchimeg, Tuvshintugs"]
[Result "0-1"]
[WhiteElo "814"]
[BlackElo "2278"]
[PlyCount "40"]
[EventDate "2006.10.07"]
[EventType "swiss"]
[EventRounds "6"]
[EventCountry "USA"]
[SourceTitle "EXT 2009"]
[Source "ChessBase"]
[SourceDate "2008.11.26"]
[SourceVersion "1"]
[SourceVersionDate "2008.11.26"]
[SourceQuality "1"]

1. e4 e5 2. Nf3 Nc6 3. d4 exd4 4. Bc4 Nf6 5. e5 d5 6. exd6 Bxd6 7. c3 dxc3 8. bxc3 0-0 9. 0-0 Bg4 10. Nbd2 Bf4 11. h3 Bxd2 12. Bxd2 Bxf3 13. gxf3 Qd7 14. Kg2 Ne5 15. Be2 Rad8 16. Bf4 Qf5 17. Qc1 Nh5 18. Bxe5 Qxe5 19. Re1 Nf4+ 20. Kf1 Qg5 0-1